00545nam a2200157 a 450000500170000000800410001702000180005805000230007610000210009924500340012026000630015430000170021765000180023499900190025295201160027120140412111332.0030317s19uu xx 00 eng d a0-02-179071-X aTR(PS EbPe44 1972 aKeats, Ezra Jack aPet show! /cEzra Jack Keats. aNew York :bMacmillan/McGraw-Hill School Pub. Comp,c1972. a37 p. ; ill. aPets--Fiction c104948d104948 00104050aELbELcTRd2003-03-17eLib. Fundl0oTR(PS E Pe44 1972pE9120r2014-04-12 00:00:00w2014-04-12yBK